| 000 | nam a22 a 4500 | ||
|---|---|---|---|
| 999 |
_c645 _d645 |
||
| 003 | AKMAL | ||
| 005 | 20170504142810.0 | ||
| 008 | 1705 s2008 enka e 001 0 eng d | ||
| 020 |
_a9780273717218 (pbk.) : _cRM75.00 |
||
| 039 | 9 |
_a200908181225 _bladduni _c200908061101 _dzuraidahs _c200908041721 _dmarsila |
|
| 040 |
_aAKMAL _cAKMAL |
||
| 082 | 0 | 4 |
_a158.2 LEI _222 |
| 090 | 0 | 0 |
_a158.2 _bLEI |
| 100 | 1 |
_aLeigh, Andrew _91381 |
|
| 245 | 1 | 4 |
_aThe charisma effect : _bhow to make a powerful and lasting impression / _cAndrew Leigh |
| 260 |
_aHarlow, England : _bPearson Prentice Hall Life, _c2008 |
||
| 300 |
_axxii, 231p. : _bill. ; _c22cm. |
||
| 500 | _aIncludes index | ||
| 505 | 0 | _aAim -- Fluency -- Confidence -- Presence -- Authenticity -- Courage -- Passion -- Demeanour -- Chemistry : the need for A-I-R -- Chemistry : attention -- Chemistry : interdependence -- Chemistry : rapport -- Using A-B-C in real life | |
| 650 | 1 | 0 |
_aSelf-presentation _91382 |
| 650 | 2 | 0 |
_aSelf-perception _91383 |
| 650 | 2 | 0 |
_aInterpersonal relations _9487 |
| 942 |
_2ddc _cBOOK |
||